00539nam a22001812 4500001001100000005001700011008004100028020001700069040001500086100003600101245007100137250001200208260003700220300001500257610003500272650004700307852000300354000001311220151217152122.0090603s xx 000 0 eng d a996681311x : aKABUcKABU1 aLukalo-Owino, Rose.@000016986310aOne woman at a time :bthe Kianda Foundation /cRose Lukalo-Owino. a1st ed. aFarnham, UK. :bAllavida,c2008. axi, 68 p.20aKianda Foundation.@0000170231 0aEducational FoundationzKenya.@00001702321